Las misiones de paz de la Unión Europea: origen, desarrollo y procedimiento de creación y seguimiento
Guardado en:
| Autor principal: | |
|---|---|
| Formato: | Libro |
| Lenguaje: | español |
| Publicado: |
Valencia
Tirant Lo Blanch
2015
|
| Edición: | 1a. ed |
| Colección: | Monografías, 963
|
| Materias: | |
| Etiquetas: |
Agregar Etiqueta
Sin Etiquetas, Sea el primero en etiquetar este registro!
|
MARC
| LEADER | 00000cam a2200000 a 4500 | ||
|---|---|---|---|
| 001 | UCC9121 | ||
| 003 | CL-VaPUC | ||
| 008 | 190904e20150000sp |||||||||||||||||spa|d | ||
| 020 | |a 9788490860120 | ||
| 082 | 0 | 4 | |a 327.09 |b JUL |2 21 |
| 100 | 0 | |a Julià Barceló, María |e author |9 603993 | |
| 245 | 1 | 4 | |a Las misiones de paz de la Unión Europea: origen, desarrollo y procedimiento de creación y seguimiento |
| 250 | |a 1a. ed | ||
| 300 | |a 580 p | ||
| 942 | |c BK | ||
| 945 | |d 20190904 15:40:00 |a dcastane | ||
| 260 | |a Valencia |b Tirant Lo Blanch |c 2015 | ||
| 650 | 0 | |a Relaciones Internacionales |9 255740 | |
| 650 | 7 | |a MISIONES DIPLOMATICAS |2 CL-VaPUC |9 603994 | |
| 650 | 0 | |a Paz |9 259242 | |
| 583 | |a last modification |c 20190904 15:40:00 |k Rodrigo Vera | ||
| 490 | 0 | |a Monografías, 963 | |
| 999 | |c 375315 |d 375313 | ||
| 952 | |0 0 |1 0 |3 erb |4 0 |6 327_090000000000000_JUL_2015 |7 0 |8 WP_COW |9 561263 |a BIBDER |b BIBDER |e Fundación W and P Cowley |i 5599024 |o 327.09 JUL 2015 |p 5599024 |r 2023-01-25 |w 2020-03-12 |y BK |z Catalogado en:20190904 |k WPC | ||